[Event "Aragon-chT Preferente A"]
[Site "Aragon"]
[Date "2013.02.24"]
[Round "5.34"]
[White "Buil Rello, Jose Antonio"]
[Black "Pardo Calvo, Carlos"]
[Result "1-0"]
[WhiteElo "1982"]
[BlackElo "1818"]
[PlyCount "79"]
[EventDate "2013.01.26"]
[EventType "team"]
[EventRounds "9"]
[EventCountry "ESP"]
[SourceTitle "EXT 2014"]
[Source "ChessBase"]
[SourceDate "2013.11.20"]
[SourceVersion "1"]
[SourceVersionDate "2013.11.20"]
[SourceQuality "1"]
[WhiteTeam "Jaime Casas II"]
[BlackTeam "Sabinanigo"]
[WhiteTeamCountry "ESP"]
[BlackTeamCountry "ESP"]

1. e4 c5 2. Nf3 d6 3. d4 cxd4 4. Nxd4 Nf6 5. f3 Nc6 6. c4 e6 7. Nc3 Be7 8. Be3 0-0 9. Qc2 Nxd4 10. Bxd4 e5 11. Be3 a6 12. Be2 Be6 13. 0-0 Rc8 14. b3 Qc7 15. Rac1 Bd7 16. Rfd1 Rfd8 17. g3 Bc6 18. Bf1 Bf8 19. Qf2 Qe7 20. Bb6 Re8 21. Bh3 Bd7 22. Bf1 g6 23. a4 Bh6 24. Rc2 Be6 25. a5 Nh5 26. Re2 Rc6 27. Ree1 Bg7 28. Rd3 Rf8 29. Red1 f5 30. Qd2 fxe4 31. Nxe4 Bf5 32. Rxd6 Bxe4 33. fxe4 Bh6 34. Qd5+ Kh8 35. Rxc6 bxc6 36. Qd6 Qf6 37. Qxf6+ Nxf6 38. Bg2 Ng4 39. Rd3 Rf6 40. h3 1-0

[Event "Aragon-chT Preferente A"]
[Site "Aragon"]
[Date "2013.02.16"]
[Round "4.50"]
[White "Pardo Calvo, Carlos"]
[Black "Alonso Blasco, Jose Miguel"]
[Result "0-1"]
[WhiteElo "1818"]
[BlackElo "2116"]
[PlyCount "78"]
[EventDate "2013.01.26"]
[EventType "team"]
[EventRounds "9"]
[EventCountry "ESP"]
[SourceTitle "EXT 2014"]
[Source "ChessBase"]
[SourceDate "2013.11.20"]
[SourceVersion "1"]
[SourceVersionDate "2013.11.20"]
[SourceQuality "1"]
[WhiteTeam "Sabinanigo"]
[BlackTeam "Las Fuentes"]
[WhiteTeamCountry "ESP"]
[BlackTeamCountry "ESP"]

1. e4 c6 2. d4 d5 3. Nd2 dxe4 4. Nxe4 Nf6 5. Nxf6+ gxf6 6. Nf3 Bf5 7. Bd3 Bg6 8. h4 Bh5 9. c3 e6 10. Bf4 Bd6 11. Bxd6 Qxd6 12. Be2 Nd7 13. Nd2 Bxe2 14. Qxe2 0-0-0 15. 0-0-0 Nb6 16. Nb3 Qd5 17. g4 Rdg8 18. f4 a5 19. Kb1 Nc4 20. Rhg1 b6 21. Rde1 Qb5 22. Nc1 Na3+ 23. Ka1 Qxe2 24. Rxe2 Nb5 25. a4 Nd6 26. Nd3 h6 27. Reg2 Rg7 28. h5 Rhg8 29. b3 Nf5 30. Nf2 Ne3 31. Rg3 Nd5 32. Ne4 f5 33. gxf5 Rxg3 34. Rxg3 Rxg3 35. Nxg3 Nxc3 36. fxe6 fxe6 37. f5 Kd7 38. Kb2 Nd5 39. Kc1 Ne3 0-1

[Event "Aragon-chT Preferente A"]
[Site "Aragon"]
[Date "2013.02.09"]
[Round "3.38"]
[White "Munoz Bornao, Miguel Angel"]
[Black "Pardo Calvo, Carlos"]
[Result "1-0"]
[WhiteElo "1778"]
[BlackElo "1818"]
[PlyCount "95"]
[EventDate "2013.01.26"]
[EventType "team"]
[EventRounds "9"]
[EventCountry "ESP"]
[SourceTitle "EXT 2014"]
[Source "ChessBase"]
[SourceDate "2013.11.20"]
[SourceVersion "1"]
[SourceVersionDate "2013.11.20"]
[SourceQuality "1"]
[WhiteTeam "Shatranj"]
[BlackTeam "Sabinanigo"]
[WhiteTeamCountry "ESP"]
[BlackTeamCountry "ESP"]

1. e4 c5 2. Nf3 d6 3. d4 cxd4 4. Nxd4 Nf6 5. Nc3 a6 6. a4 e6 7. Be3 Be7 8. Bd3 0-0 9. 0-0 Bd7 10. f4 Nc6 11. h3 Rc8 12. Nf3 Nb4 13. e5 Nxd3 14. exf6 Bxf6 15. Qxd3 Qc7 16. Bd4 Bxd4+ 17. Qxd4 Bc6 18. Kh1 Rfe8 19. Rad1 e5 20. Qxd6 e4 21. Qxc7 Rxc7 22. Nd4 g6 23. Nxc6 Rxc6 24. Rd7 b5 25. axb5 axb5 26. Kg1 Rc4 27. Rfd1 Kg7 28. R7d4 f5 29. Rxc4 bxc4 30. Kf2 Rb8 31. Na4 Rb4 32. Rd7+ Kh6 33. Ra7 Rb5 34. Rc7 Rb4 35. Ra7 Rb5 36. c3 Rd5 37. Rc7 Rd2+ 38. Kf1 Rd1+ 39. Ke2 Rh1 40. Kf2 Rc1 41. Rxc4 Kh5 42. Rd4 Rc2+ 43. Kg3 Re2 44. b4 Ra2 45. b5 e3 46. b6 e2 47. Kf2 Kh4 48. b7 1-0